Welcome to CU Library Online Public Access Catalogue (OPAC)

Psychology : (Record no. 3867)

MARC details
000 -LEADER
fixed length control field 00566cam a2200193 a 4500
001 - CONTROL NUMBER
control field 3033126
005 - DATE AND TIME OF LATEST TRANSACTION
control field 20250214154532.0
008 - FIXED-LENGTH DATA ELEMENTS--GENERAL INFORMATION
fixed length control field 950414s1996 nyua b 001 0 eng
020 ## - INTERNATIONAL STANDARD BOOK NUMBER
International Standard Book Number 0471054119 (alk. paper)
020 ## - INTERNATIONAL STANDARD BOOK NUMBER
International Standard Book Number 9780471054115
050 00 - LIBRARY OF CONGRESS CALL NUMBER
Classification number BF121
Item number .W44 1996
082 00 - DEWEY DECIMAL CLASSIFICATION NUMBER
Classification number 150
Edition information 20
100 1# - MAIN ENTRY--PERSONAL NAME
Personal name Westen, Drew,
Dates associated with a name 1959-
245 10 - TITLE STATEMENT
Title Psychology :
Remainder of title mind, brain & culture /
Statement of responsibility, etc. Drew Westen.
260 ## - PUBLICATION, DISTRIBUTION, ETC.
Place of publication, distribution, etc. New York :
Name of publisher, distributor, etc. Wiley,
Date of publication, distribution, etc. c1996.
300 ## - PHYSICAL DESCRIPTION
Extent 1 v. (various pagings) :
Other physical details ill. (some col.) ;
Dimensions 29 cm.
650 #0 - SUBJECT ADDED ENTRY--TOPICAL TERM
Topical term or geographic name entry element Psychology
Form subdivision Textbooks.
942 ## - ADDED ENTRY ELEMENTS (KOHA)
Source of classification or shelving scheme Library of Congress Classification
Koha item type Books
Suppress in OPAC No
999 ## -
-- 3867
-- 3867
Holdings
Withdrawn status Lost status Source of classification or shelving scheme Damaged status Not for loan Collection Home library Current library Shelving location Date acquired Total checkouts Full call number Barcode Date last seen Copy number Price effective from Koha item type
    Library of Congress Classification     Non-fiction Business Library (Miotso) Business Library (Miotso) General stacks 02/14/2025   BF121 .W44 1996 BSSM00000787 02/14/2025 1 02/14/2025 Books
    Library of Congress Classification     Non-fiction Business Library (Miotso) Business Library (Miotso) General stacks 02/14/2025   BF121 .W44 1996 BSSM00000788 02/14/2025 2 02/14/2025 Books
    Library of Congress Classification     Non-fiction Undergraduate Library (Christ Temple) Undergraduate Library (Christ Temple) General stacks 08/25/2025   BF 121 WES ulct00004465 08/25/2025 1 08/25/2025 Books
© 2023-2024 Copyright: Central University Libraries. All Rights Reserved | Created by: Mahone Tech Office